000 00637nam a2200181Ia 4500
008 090630s9999 xx 000 0 und d
082 _b2515
100 _aकानिटकर माधव.
245 _aम. ज्योतिबा फुले.
_cकानिटकर माधव.
260 _bकॉन्टीनेंटल.
_c1968
300 _a40
600 _aकानिटकर माधव.
630 _aम. ज्योतिबा फुले.
655 _aचरित्र.
700 _aकानिटकर माधव.
730 _aम. ज्योतिबा फुले.
942 _cBOOK
999 _c254371
_d254371